Statystyki dla Literatura

Kliknij tutaj aby rozwiązać quiz!

Ogólne statystyki

  • Ten quiz został rozwiązany 98 razy
  • Średni wynik to 18 z 30

Statystyki odpowiedzi

KsiążkaAutor% Poprawnych
"Proces"Franz Kafka
87%
"Harry Potter i Kamień Filozoficzny"J.K. Rowling
87%
"Tango"Sławomir Mrożek
87%
"Folwark zwierzęcy"George Orwell
86%
"Antygona"Sofokles
85%
"Dżuma"Albert Camus
83%
"Nad Niemnem"Eliza Orzeszkowa
83%
"Romeo i Julia"William Shakespeare
78%
"Nie-boska komedia"Zygmunt Krasiński
76%
"Kamienie na szaniec"Aleksander Kamiński
71%
"Boska komedia"Dante Alighieri
71%
"Morderstwo w Orient Expressie"Agatha Christie
69%
"Bracia Karamazow"Fiodor Dostojewski
69%
"Mistrz i Małgorzata"Michaił Bułhakow
69%
"Wojna i pokój"Lew Tołstoj
67%
"Jądro ciemności"Joseph Conrad
59%
"Ania z Zielonego Wzgórza"Lucy Maud Montgomery
59%
"Zielona Mila"Stephen King
55%
"Nędznicy"Victor Hugo
55%
"Komu bije dzwon"Ernest Hemingway
46%
"Żywot człowieka poczciwego"Mikołaj Rej
44%
"Buszujący w zbożu"J.D. Sallinger
43%
"Prowadź swój pług przez kości umarłych"Olga Tokarczuk
43%
"Zabić drozda"Harper Lee
39%
"David Copperfield"Charles Dickens
38%
"Chłopcy z placu broni"Ferenc Molnar
33%
"Drakula"Bram Stoker
31%
"Grona gniewu"John Steinbeck
29%
"Czekając na Godota"Samuel Beckett
23%
"Żegnaj, laleczko"Raymond Chandler
20%

Rozkład punktacji

Percentyl według liczby udzielonych odpowiedzi

Procent ludzi z każdym wynikiem

Twoja historia wyników

Nie rozwiązałeś tego quizu